To the Philippines with Love (Record no. 588)

000 -LEADER
fixed length control field 00619nam a22002177a 4500
003 - CONTROL NUMBER IDENTIFIER
control field OSt
005 - DATE AND TIME OF LATEST TRANSACTION
control field 20210420110905.0
008 - FIXED-LENGTH DATA ELEMENTS--GENERAL INFORMATION
fixed length control field 201214s1966 ||||| |||| 00| 0 eng d
040 ## - CATALOGING SOURCE
Original cataloging agency eng
Language of cataloging eng
Transcribing agency DLC
Modifying agency eng
041 ## - LANGUAGE CODE
Language code of text/sound track or separate title eng
080 ## - UNIVERSAL DECIMAL CLASSIFICATION NUMBER
Universal Decimal Classification number 821.111
Item number C-25
100 ## - MAIN ENTRY--PERSONAL NAME
9 (RLIN) 478
Personal name Carr, Lorraine
245 ## - TITLE STATEMENT
Title To the Philippines with Love
Statement of responsibility, etc. / by: Sherbourne Press Inc
250 ## - EDITION STATEMENT
Edition statement 1st edition
260 ## - PUBLICATION, DISTRIBUTION, ETC.
Place of publication, distribution, etc. Los Angeles
Name of publisher, distributor, etc. Sherbourne Press Inc
Date of publication, distribution, etc. 1966
300 ## - PHYSICAL DESCRIPTION
Extent 254 p.
365 ## - TRADE PRICE
Price amount 4.95 usd
650 #0 - SUBJECT ADDED ENTRY--TOPICAL TERM
9 (RLIN) 247
Topical term or geographic name entry element English literature
653 ## - INDEX TERM--UNCONTROLLED
Uncontrolled term ინგლისური ლიტერატურა
942 ## - ADDED ENTRY ELEMENTS (KOHA)
Source of classification or shelving scheme
Koha item type Books
Edition 1
Holdings
Withdrawn status Lost status Source of classification or shelving scheme Damaged status Not for loan Permanent location Current location Date acquired Inventory number Total Checkouts Full call number Barcode Date last seen Price effective from Koha item type
          Ken Walker International University Ken Walker International University 12/14/2020 443   821.111 C-25 443 12/14/2020 12/14/2020 Books

Powered by Koha